Statistics for AFC Bournemouth Quiz

Click here to take the quiz!

General Stats

  • This quiz has been taken 65 times
  • The average score is 7 of 9

Answer Stats

QA% Correct
Nickname of the club?Cherries
96%
ManagerEddie Howe
91%
League they compete in?Premier league
91%
Colours on the home kit?Red
91%
Ground?Dean Court
81%
Black
74%
Year of foundation?1899
60%
Currency first team captain?Simon Francis
53%
Previously knows as....?Boscombe FC
23%

Score Distribution

Percentile by Number Answered

Percent of People with Each Score

Your Score History

You have not taken this quiz